A journey to the center of the earth

Bibliographic Details
Main Author: Verne, Jules
Other Authors: Geeham, Wayne (Illustrated by)
Format: Book
Published: s.l. : Troll Associates , 1990
Subjects:

MARC

LEADER 00000cam a2200000 7i4500
001 0000001078
002 000001192
005 20000330.0
020 |a 0816718687 
090 0 0 |a JF   |b VER 
100 1 |a Verne, Jules 
245 1 2 |a A journey to the center of the earth   |c Jules Verne ; illustrated by Wayne Geehan 
260 |a s.l. :   |b Troll Associates ,   |c 1990 
300 |a 48p. :   |b ill ;   |c 35cm. 
650 0 0 |a Children's stories 
700 1 |a Geeham, Wayne ,   |e Illustrated by 
999 |a 031589   |b BUKU   |c PINJAMAN   |e PERPUSTAKAAN KOMUNITI PETALING JAYA